[Event "IND-chT 44th"]
[Site "Ahmedabad"]
[Date "2025.03.06"]
[Round "3.1"]
[White "Sandeep, Santhosh"]
[Black "Darsh, Ilwadi"]
[Result "1-0"]
[WhiteElo "1746"]
[BlackElo "1622"]
[PlyCount "121"]
[EventDate "2025.03.05"]
[EventType "team-swiss"]
[EventRounds "9"]
[EventCountry "IND"]
[SourceTitle "CB12_2025"]
[SourceDate "2025.03.19"]
[SourceVersion "1"]
[SourceVersionDate "2025.03.19"]
[SourceQuality "1"]
[WhiteTeam "Kerala"]
[BlackTeam "Delhi II"]
[WhiteTeamCountry "IND"]
[BlackTeamCountry "IND"]

1. Nf3 d5 2. c4 e6 3. b3 c6 4. g3 f5 5. Bb2 Nf6 6. Bg2 Bd6 7. 0-0 0-0 8. d3 Nbd7 9. Nc3 b6 10. Nd4 Nb8 11. cxd5 exd5 12. e4 Bc5 13. Nxf5 Bxf5 14. exf5 Qd7 15. Qf3 Na6 16. Ne2 Ne8 17. g4 Be7 18. Rac1 Bg5 19. Rxc6 Nb4 20. Rc3 Bf6 21. a3 Bxc3 22. Bxc3 Nc6 23. Qxd5+ Qxd5 24. Bxd5+ Kh8 25. Bxc6 Rc8 26. Be4 Nf6 27. f3 Rfe8 28. g5 Nd5 29. Rc1 Nxc3 30. Rxc3 Rxc3 31. Nxc3 Rc8 32. Nd5 Rc1+ 33. Kf2 Rb1 34. b4 Ra1 35. f6 gxf6 36. Nxf6 Rxa3 37. Nd5 Kg7 38. f4 a5 39. f5 Ra2+ 40. Kg3 a4 41. f6+ Kf8 42. Nxb6 Ra1 43. Bd5 Rf1 44. Nxa4 h6 45. Nc5 hxg5 46. Nd7+ Ke8 47. Be6 Kd8 48. f7 Ke7 49. f8Q+ Rxf8 50. Nxf8 Kxf8 51. d4 Ke7 52. d5 Kd6 53. Kg4 Ke7 54. Kxg5 Kd6 55. h4 Ke7 56. h5 Kf8 57. h6 Ke7 58. h7 Kd6 59. h8Q Ke7 60. Kf5 Kd6 61. Qd8# 1-0

[Event "IND-ch Schools"]
[Site "Gyan Bhawan Patna"]
[Date "2024.02.07"]
[Round "3"]
[White "Darsh, Ilwadi"]
[Black "Nimay, Agrawal"]
[Result "0-1"]
[WhiteElo "1373"]
[BlackElo "2067"]
[PlyCount "108"]
[EventDate "2024.02.06"]
[EventType "swiss"]
[EventRounds "9"]
[EventCountry "IND"]
[SourceTitle "EXT 2025"]
[Source "ChessBase"]
[SourceDate "2024.10.14"]
[SourceVersion "1"]
[SourceVersionDate "2024.10.14"]
[SourceQuality "1"]

1. e4 c5 2. Nf3 e6 3. d4 cxd4 4. Nxd4 a6 5. f4 d6 6. Bd3 Nf6 7. Nc3 Qc7 8. Nf3 Nc6 9. 0-0 Be7 10. Kh1 b5 11. a3 0-0 12. Qe1 e5 13. Bd2 Be6 14. f5 Bc8 15. Qg3 Kh8 16. Ng5 Nd4 17. Qh3 Bb7 18. Be3 Kg8 19. Rae1 Qc8 20. Bxd4 exd4 21. Ne2 h6 22. Nf3 Bxe4 23. Bxe4 Nxe4 24. Nexd4 d5 25. c3 Bf6 26. Rd1 Qc4 27. Qg4 Qa2 28. Rb1 Qxb1 29. Rxb1 Nf2+ 30. Kg1 Nxg4 31. Re1 Rfe8 32. Rxe8+ Rxe8 33. h3 Bxd4+ 34. cxd4 Ne3 35. Kf2 Nxf5 36. g4 Nd6 37. b3 Rc8 38. Ne5 Rc3 39. a4 Rxb3 40. axb5 Nxb5 41. Nc6 Rxh3 42. Nb4 a5 43. Nxd5 a4 44. Ne7+ Kf8 45. Nc6 a3 46. Nb4 Rb3 47. d5 Rxb4 48. d6 Nxd6 49. g5 hxg5 50. Kf3 a2 51. Ke3 a1Q 52. Kd3 Rb3+ 53. Kc2 Qa2+ 54. Kd1 Rb1# 0-1